| 000 | 00383 a2200157 4500 | ||
|---|---|---|---|
| 003 | OSt | ||
| 005 | 20180116182638.0 | ||
| 008 | 160817b xxu||||| |||| 00| 0 eng d | ||
| 020 | _a8120307941 | ||
| 040 | _c0 | ||
| 100 | _aBertrand L | ||
| 245 |
_aQuality control and application. _cBertrand L. |
||
| 260 |
_aNew Delhi _c1997 |
||
| 300 | _a546 | ||
| 942 |
_aNBS _cBK _k658.562 HAN _2ddc |
||
| 999 |
_c343322 _d343322 |
||